| 000 | 01730nam a22002777a 4500 | ||
|---|---|---|---|
| 005 | 20141222103829.0 | ||
| 008 | 141013t2013 xxua frb 101 0 eng d | ||
| 020 | _a01957996 | ||
| 020 | _a9781936424221 | ||
| 040 | _aEG-ScBUE | ||
| 043 | _an-us--- | ||
| 082 | 0 | 0 |
_222 _a615.110973 _bUNI |
| 110 | 2 |
_936201 _aUnited States Pharmacopœial Convention |
|
| 245 | 1 | 4 |
_aThe United States pharmacopeia : _bUSP 37 : The National Formulary : NF 32 _cby authority of the United States Pharmacopoeial Convention prepared by the council of expert and its expert committees ; the United States Pharmacopœial Convention. |
| 260 |
_aRockville, United States : _bUnited States Pharmacopeial Convention, _cc.2013 _e([Baitimore, United States] : _fUnited Books, Inc.) |
||
| 300 |
_a4 vol. : _bill. (col.) ; _c28 cm. |
||
| 500 | _aIncludes index. | ||
| 500 | _aIncludes global education and training catalog 2013-2014. | ||
| 500 | _a2014 USP 37-NF 32 second supplement official December 1. 2014-2014 USP 37-NF 32 second supplement official August 1. 2014 | ||
| 504 | _aIncludes bibliographical reference. | ||
| 505 | 0 | _aContents : v. 1 Table of contents, front matter, general notices, general chapters TOC, general chapters, reagents, reference tables, combined index-v. 2 Table of contents, general chapters TOC. general notices, USP monographs (A-I), combined index-v. 3 Table of contents, general chapters TOC. general notices, USP monographs (J-Z), combined index- v. 4 Table of contents, general chapters TOC. general notices, dietary, supplements, NF monographs, combined index. | |
| 650 | 0 |
_936202 _aPharmacopoeias _zUnited States |
|
| 653 |
_cOctober2014 _bPPhrm |
||
| 655 |
_vreading book _934232 |
||
| 942 |
_2ddc _k615.110973 UNI |
||
| 999 |
_c18449 _d18421 |
||